000 01982nam a2200337 i 4500
001 000044820
003 DO-SdBNP
005 20250624150534.0
007 ta
008 150113s2014 dr ac r 001 0 spa d
020 _a9789945081251
040 _aDO-SdBNP
_bspa
_cBNPHU
_erda
041 _aspa
082 4 _a796.097293
_bM516d
_222
100 1 _aMejía A., Gonzalo,
_d1947-
_972843
_4aut.
_eautor
245 1 3 _aEl deporte dominicano y su entorno /
_cGonzalo Mejía A.
264 _aSanto Domingo :
_bEditora Búho,
_c2014.
300 _a2 volúmenes :
_bilustraciones, fotos ;
_c28 cm.
336 _atexto
_btxt
_2rdacontent
337 _asin mediación
_bn
_2rdamedia
338 _avolumen
_bnc
_2rdacarrier
500 _aIncluye datos biográficos del autor en la solapa de la cubierta
500 _aIncluye índice general y temático
504 _aBibliografía: v.1. p.422-423 ; v.2. p. 651
505 _gv.1.
_tv.1. Hasta 1963
_tDedicatoria --
_tAgradecimientos --
_tIntroducción --
_tCapitulo I. los albores --
_tCapitulo II - Ocupación militar de Estados Unidos de América. 1916-1924 --
_tCapitulo III - Gobierno de Horacio Vásquez, 1924-1930 --
_tCapitulo IV . era de Trujillo, 1930-1961 --
_tCapitulo V. Fin de la Era de Trujillo y un ejercicio de democracia. 1962-1963 --
_tAnexos --
_tApéndice - Apodos, sobrenombres y seudónimos --
_tBibliografía --
_tÍndice temático.
_gv.2.
_t1964-1986
505 _gv.2.
_tv.2. Dedicatoria --
_tAgradecimientos --
_tPresentación --
_tÍndice general y temático : Índice temático 1964 al 1966 ; Índice temático 1966 al 1978 ; Índice temático 1978 al 1986 --
_tCapítulo I - Triunvirato - Guerra de abril - Gobierno provisional --
_tCapítulo II - Doce años de Balaguer --
_tCapítulo III - los gobiernos del PRD --
_tBibliografía.
590 _aInventariado, 2020/BT
650 4 _aDeporte
_zRepública Dominicana
_xHistoria
_yHasta,1963
_978450
910 _aValidado. Control de calidad MFF
942 _2ddc
_cLBS1
999 _c44309
_d44309